Guess the 1960s song lyrics #6 - Statistics

General Stats
  • This quiz has been taken 66 times
  • The average score is 161 of 206
Answer Stats
Answer % Correct
a
98%
the
98%
I
96%
And
92%
and
92%
On
90%
on
90%
in
86%
is
86%
California
84%
day
84%
dreamin
84%
He
84%
my
84%
to
84%
All
82%
are
82%
be
82%
gray
82%
for
80%
leave
80%
sky
80%
winter's
80%
brown
78%
leaves
78%
walk
76%
down
74%
got
74%
Got
74%
If
74%
knees
74%
pray
74%
church
72%
such
72%
LA
70%
was
70%
could
68%
I'd
68%
way
68%
You
68%
know
66%
I'm
64%
her
60%
today
60%
warm
60%
along
58%
I've
58%
preacher
58%
Preacher
58%
been
56%
gonna
54%
passed
54%
safe
54%
stay
52%
Stopped
52%
Well
52%
knows
50%
Knows
50%
didn't
44%
cold
42%
tell
40%
pretend
34%
liked
26%
No matching quizzes found
Score Distribution
Percent of People with Each Score
Percentile by Number Answered
Your Score History
You have not taken this quiz